|
|
|
|
| LEADER |
00942nab a2200241 i 4500 |
| 001 |
misc62047 |
| 005 |
20240827104347.0 |
| 008 |
230526s1969 hu o 000 tur d |
| 040 |
|
|
|a SZTE Miscellanea Repozitórium
|b hun
|
| 041 |
|
|
|a tur
|
| 100 |
1 |
|
|a Rásonyi László
|
| 245 |
1 |
0 |
|a Kuman özel adları
|h [elektronikus dokumentum] /
|c Rásonyi László
|
| 260 |
|
|
|a Türk Kültürünü Araştırma Enstitüsü
|b Ankara
|c 1969
|
| 300 |
|
|
|a 71-144
|c 24 cm
|
| 300 |
|
|
|a [74] p.
|c 24 cm
|
| 490 |
0 |
|
|a Türk kültürü araştırmaları
|
| 561 |
|
|
|a Németh Gyula hagyaték
|
| 591 |
|
|
|a LOA 3041; NOA 4826; NOA 4826a
|
| 650 |
|
4 |
|a Bölcsészettudományok
|
| 650 |
|
4 |
|a Nyelvek és irodalom
|
| 695 |
|
|
|a Személynevek - kun - etimológia, Kun nyelv - névkutatás
|
| 856 |
4 |
0 |
|u http://misc.bibl.u-szeged.hu/62047/1/4826_noa.pdf
|z Dokumentum-elérés
|
| 856 |
4 |
0 |
|u http://misc.bibl.u-szeged.hu/62047/3/4826a_noa.pdf
|z Dokumentum-elérés
|